Phân tích các yếu tố ảnh hưởng đến rủi ro tín dụng trả góp của ngân hàng trên địa bàn thành phố Cần Thơ : Luận văn Thạc sĩ Kinh tế. Chuyên ngành Tài chính - Ngân hàng

Đề tài nghiên cứu các nhân tố ảnh hưởng đến rủi ro tín dụng trả góp của các ngân hàng hoạt động trên địa bàn thành phố Cần Thơ để từ đó có thể đề ra một số giải pháp nhằm hạn chế rủi ro tín dụng, nâng cao hiệu quả hoạt động tín dụ...

Ausführliche Beschreibung

Gespeichert in:
Bibliographische Detailangaben
1. Verfasser: Phạm, Thị Kim Anh
Format: Buch
Sprache:Undetermined
Veröffentlicht: Cần Thơ Trường Đại học Cần Thơ 2015
Schlagworte:
Tags: Tag hinzufügen
Keine Tags, Fügen Sie den ersten Tag hinzu!
Thư viện lưu trữ: Trung tâm Học liệu Trường Đại học Cần Thơ
LEADER 01345nam a2200217Ia 4500
001 CTU_200986
008 210402s9999 xx 000 0 und d
082 |a 332.1 
082 |b A107 
088 |a 60340201 
100 |a Phạm, Thị Kim Anh 
245 0 |a Phân tích các yếu tố ảnh hưởng đến rủi ro tín dụng trả góp của ngân hàng trên địa bàn thành phố Cần Thơ : 
245 0 |b Luận văn Thạc sĩ Kinh tế. Chuyên ngành Tài chính - Ngân hàng 
245 0 |c Phạm Thị Kim Anh ; Nguyễn Hữu Đặng (Cán bộ hướng dẫn) 
260 |a Cần Thơ 
260 |b Trường Đại học Cần Thơ 
260 |c 2015 
520 |a Đề tài nghiên cứu các nhân tố ảnh hưởng đến rủi ro tín dụng trả góp của các ngân hàng hoạt động trên địa bàn thành phố Cần Thơ để từ đó có thể đề ra một số giải pháp nhằm hạn chế rủi ro tín dụng, nâng cao hiệu quả hoạt động tín dụng trả góp của hệ thống ngân hàng. 
650 |a Banks and banking,Ngân hàng và nghiệp vụ ngân hàng 
910 |a Khoa,Hải 
980 |a Trung tâm Học liệu Trường Đại học Cần Thơ